| 000 | 00619nam a2200241Ia 4500 | ||
|---|---|---|---|
| 008 | 210210b2010 xxu||||| |||| 00| 0 eng d | ||
| 020 | _a9788120339507 | ||
| 041 | _aeng | ||
| 082 | _a657.48 BANF | ||
| 100 | _aBANERJEE (Birendra Krishna) | ||
| 245 | _aFinancial accounting: concepts, analyses, methods and uses | ||
| 260 |
_aNew Delhi _bPHI Learning Pvt. Ltd. _c2010 |
||
| 300 | _axvii,1242 | ||
| 650 | _auses | ||
| 650 | _amethods | ||
| 650 | _aFinancial | ||
| 650 | _aconcepts, | ||
| 650 | _aand | ||
| 650 | _aanalyses, | ||
| 650 | _aaccounting: | ||
| 690 | _aFinancial Accounting | ||
| 906 | _a065144 | ||
| 999 |
_c142631 _d142631 |
||